000 00671nam a2200241Ia 4500
003 OSt
005 20221006144538.0
006 a|||||r|||| 00| 0
007 ta
008 221006b |||||||| |||| 00| 0 eng d
020 _c3.00
024 _a11,944
037 _cTextual
040 _aEASL
_cEASL
_beng
041 _2eng
_aeng
082 _aV41:192.N62, K3
100 _aRAO R Krishna
_9652234
245 0 _aSino-Indian boundary question international law
260 _aNew Delhi
_bNorthrn Society of International Law
_c1963
300 _a76p.
_ccm.
942 _hV41:192.N62, K3
_cTEXL
_2CC
999 _c1080030
_d1080030